From XL to XS : (Record no. 55453)
[ view plain ]
| 000 -LEADER | |
|---|---|
| fixed length control field | 01197naa a2200241 4500 |
| 005 - DATE AND TIME OF LATEST TRANSACTION | |
| control field | 20110810145620.0 |
| 010 ## - LCCN (DPL NO) | |
| LC control number | ENG-103349 B-464235 |
| 020 ## - INTERNATIONAL STANDARD BOOK NUMBER | |
| Terms of availability | 199.00 |
| International Standard Book Number | 9788184001471 |
| 035 ## - SYSTEM CONTROL NUMBER | |
| System control number | EN-86882 B-464235 |
| 037 ## - SOURCE OF ACQUISITION | |
| Source of stock number/acquisition | DBAD/PUB |
| 082 ## - DEWEY DECIMAL CLASSIFICATION NUMBER | |
| Classification number | 613.7 |
| 100 ## - MAIN ENTRY--PERSONAL NAME | |
| Personal name | Tiwari, Payal Gidwani |
| 245 1# - TITLE STATEMENT | |
| Title | From XL to XS : |
| Statement of responsibility, etc | by Payal Gidwani Tiwari |
| Remainder of title | a fitness guru's guide to changing your body / |
| 260 ## - PUBLICATION, DISTRIBUTION, ETC. (IMPRINT) | |
| Place of publication, distribution, etc | Noida |
| Name of publisher, distributor, etc | Random House Publishers |
| Date of publication, distribution, etc | 2010 |
| 270 ## - ADDRESS | |
| Address | Mindmill Corprate Towar, 2nd Floor, Plot no 24, A Sector 16,A |
| City | Noida U. P |
| Postal code | 201301 |
| 300 ## - PHYSICAL DESCRIPTION | |
| Extent | xiv,319p. : |
| Dimensions | 22cm (pbk) |
| Other physical details | col.photos |
| 700 ## - ADDED ENTRY--PERSONAL NAME | |
| 9 (RLIN) | 32860 |
| 942 ## - ADDED ENTRY ELEMENTS (KOHA) | |
| Institution code [OBSOLETE] | dpl |
| Item type | English Books |
| Source of classification or shelving scheme | Dewey Decimal Classification |
| Call number suffix | TIW |
| Classification part | 613.7 |
| Withdrawn status | Lost status | Not for loan | Collection code | Home library | Current library | Date acquired | Source of acquisition | Cost, normal purchase price | Full call number | Barcode | Copy number | Cost, replacement price | Koha item type |
|---|---|---|---|---|---|---|---|---|---|---|---|---|---|
| Written-off vide DLB M. No. 383 dt 16.05.19 | Non-fiction | Central Library | Central Library | 13/09/2012 | RBC/27695/05.03.12/26/18.01.12/05.03.12 | 199.00 | 613.7 TIW | B-464235 | 1 | 199.00 | English Books | ||
| Not For Loan | Non-fiction | D.B.Act.Division | D.B.Act.Division | 16/08/2011 | DBAD/PUB | 199.00 | 613.7 TIW | EN-86882 | 1 | 199.00 | English Books |
